Kisvállalkozások finanszírozási kérdései

Bibliográfiai részletek
Szerző: Sári Ádám
További közreműködők: Németh Szilárd
Dokumentumtípus: Diplomadolgozat
Kulcsszavak:finanszírozás
vállalkozás
pénzügy
Online Access:http://dolgozattar.uni-bge.hu/9158

MARC

LEADER 00000nta a2200000 i 4500
001 dolg9158
005 20161216112927.0
008 161216suuuu hu om 000 hun d
040 |a BGE Dolgozattár Repozitórium  |b hun 
041 |a hu 
100 1 |a Sári Ádám 
245 1 0 |a Kisvállalkozások finanszírozási kérdései  |c Sári Ádám  |h [elektronikus dokumentum] 
695 |a finanszírozás 
695 |a vállalkozás 
695 |a pénzügy 
700 1 |a Németh Szilárd  |e ths 
856 4 0 |u http://dolgozattar.uni-bge.hu/9158/1/Szakdolgozat_S%C3%A1ri_%C3%81d%C3%A1m_KRB44E.V%C3%89GLEGES%20%282%29.pdf  |z Dokumentum-elérés 
856 4 0 |u http://dolgozattar.uni-bge.hu/9158/2/beolvas%C3%A1s0001.pdf  |z Dokumentum-elérés